Statistics for Sacramento International Airport Destinations (Sacramento, CA, USA)

Click here to take the quiz!

General Stats

  • This quiz has been taken 20 times
  • The average score is 30 of 41

Answer Stats

AirlineDestination% Correct
Delta Air LinesAtlanta
94%
Alaska Airlines/Delta Air Lines/Delta Connection/Southwest AirlinesSeattle/Tacoma
94%
JetBlueBoston
89%
Southwest AirlinesChicago (Midway)
89%
American Airlines/United AirlinesChicago (O'Hare)
89%
American AirlinesDallas/Fort Worth
89%
Southwest AirlinesDallas (Love)
89%
Southwest AirlinesHouston (Hobby)
89%
United AirlinesHouston (Intercontinental)
89%
Southwest Airlines/Spirit AirlinesLas Vegas
89%
Delta Air Lines/Delta Connection/Southwest Airlines/United ExpressLos Angeles
89%
JetBlueNew York (JFK)
89%
American Airlines/Southwest AirlinesPhoenix (Sky Harbor)
89%
Alaska Airlines/Southwest AirlinesPortland (OR)
89%
Delta Air Lines/Delta Connection/Southwest AirlinesSalt Lake City
89%
Alaska Airlines/Southwest AirlinesSan Diego
89%
American AirlinesCharlotte
83%
Frontier Airlines/Southwest AirlinesDenver
83%
VolarisMexico City
83%
Air CanadaToronto (Pearson)
83%
Air Canada ExpressVancouver
83%
Southwest Airlines/Spirit AirlinesAustin
78%
Delta Air LinesMinneapolis/St. Paul
78%
United ExpressSan Francisco
78%
United AirlinesWashington (Dulles)
78%
Alaska Airlines/Southwest AirlinesBoise
72%
Hawaiian Airlines/Southwest AirlinesHonolulu
72%
American Airlines/Southwest AirlinesSan Jose del Cabo
67%
Aeromexico/VolarisGuadalajara
61%
United AirlinesNewark
61%
Southwest AirlinesSt. Louis
61%
Southwest AirlinesBurbank
56%
Hawaiian Airlines/Southwest AirlinesKahului
56%
Southwest AirlinesOntario
56%
Southwest AirlinesOrange County
56%
Southwest AirlinesLong Beach
50%
Southwest AirlinesNashville
50%
Southwest AirlinesPalm Springs
50%
Southwest AirlinesSpokane
44%
Southwest AirlinesSanta Barbara
39%
VolarisLeon/Del Bajio
22%

Score Distribution

Percentile by Number Answered

Percent of People with Each Score

Your Score History

You have not taken this quiz